000 00736nam a2200241Ia 4500
003 OSt
005 20221007082638.0
006 a|||||r|||| 00| 0
007 ta
008 221006b |||||||| |||| 00| 0 eng d
024 _a18,000
037 _cReports / Technical Reports
040 _aFLL
_cFLL
_beng
041 _2eng
_aeng
082 _aY5927.2N80t, M0.24.27
110 _aLok Sabha Secretariat (New Delhi India)
245 0 _aCommittee on the welfare of scheduled castes and scheduled tribes (1981-82)
260 _c1980
300 _a97p
_ccm.
700 _aLok Sabha Secretariat (New Delhi India)
942 _hY5927.2N80t, M0.24.27
_cREP
_2CC
999 _c1167198
_d1167198